000 00583nam a2200181Ia 4500
008 090630s9999 xx 000 0 und d
082 _b15200
100 _aपोखरकर प्रशांत.
245 _aमग मी कोण.
_cपोखरकर प्रशांत.
260 _bपुष्प.
300 _a0
600 _aपोखरकर प्रशांत.
630 _aमग मी कोण.
655 _aकादंबरी.
700 _aपोखरकर प्रशांत.
730 _aमग मी कोण.
942 _cBOOK
999 _c267056
_d267056